000 00629nam a2200217 a 4500
001 54865
003 BD-RjUL
005 20211209080159.0
008 161112s1956 enkabf b 001 0 eng
035 _a(BD-RjUL)54987
040 _aDLC
_cFM
_dOClW-H
_dBD-RjUL
_dBD-RjUL
_dDLC
_beng
041 _aeng
082 _223
_a639.22
_bMOR 1956
100 1 _aMorgan, Robert,
_9163552
245 1 0 _aWorld sea fisheries /
_cby Robert Morgan.
260 _aLondon :
_bMethuen,
_c1956.
300 _axiv, 307 p. :
_billus., ;
_c23 cm.
504 _aIncludes bibliographies and index.
650 0 _aFisheries.
_9144792
942 _2ddc
_cBK
999 _c54865
_d54865